000 01197nam a22003497a 4500
003 CHAP
005 20220329133732.0
008 971013s1991 r 00010 d
010 _a10112
011 _a11084
035 _a10322
040 _cCHAP
090 _aTesis
100 0 0 _aBaca Ruiz, Benjamín.
_99263
245 _aDiagnóstico y perspectivas de la industria de aserrio del estado de México
260 _aChapingo, Méx, :
_bEl autor,
_c1991
300 _a96 h
502 _aTesis (Ing. Forestal Esp. en Industrias) -- UACH. Divición de Ciencias Forestales
590 _aALEPH
_b10
_c20130110
_lUCH01
_h1226
590 _aBATCH-UPD
_b10
_c20130110
_lUCH01
_h0101
590 _aBATCH-UPD
_b10
_c20130110
_lUCH01
_h2108
590 _aBATCH-UPD
_b10
_c20130409
_lUCH01
_h2050
590 _aBATCH-UPD
_b10
_c20130410
_lUCH01
_h1419
590 _aBATCH-UPD
_b10
_c20130914
_lUCH01
_h0417
590 _aCONVERSION
_b10
_c20130109
_lUCH01
_h1306
650 1 4 _aAserraderos.
_97892
650 1 4 _aIndustria maderera
_zMéxico (Edo.).
_957897
901 _aBK
942 _cFOLL
949 _bBC
_cTES
_d-21812
_eTS1
_h24209
_i10322
_si
949 _bBC
_cTES
_d33724000078705
_eTS2
_fc.2
_h30380
_i10322
_mD
_si
999 _c10112
_d10112